[Event "Rheinland Pfalz op Seniors 11th"]
[Site "Neustadt an der Weinstrasse"]
[Date "2013.07.16"]
[Round "5"]
[White "Ranker, Klemens"]
[Black "Lehmensick, Jochen"]
[Result "0-1"]
[WhiteElo "1733"]
[BlackElo "2027"]
[PlyCount "40"]
[EventDate "2013.07.12"]
[EventType "swiss"]
[EventRounds "7"]
[EventCountry "GER"]
[SourceTitle "EXT 2019"]
[Source "ChessBase"]
[SourceDate "2018.10.10"]
[SourceVersion "1"]
[SourceVersionDate "2018.10.10"]
[SourceQuality "1"]

1. e4 e5 2. Nf3 Nc6 3. Bb5 f5 4. Bxc6 dxc6 5. exf5 e4 6. Qe2 Qe7 7. Nd4 Qe5 8. Nb3 Bd6 9. Nc3 Bxf5 10. h3 Nf6 11. Qe3 0-0 12. Qd4 Qe7 13. Kd1 a5 14. a4 Rad8 15. Qe3 b6 16. Re1 Qf7 17. g4 Bg6 18. Rg1 Nd5 19. Nxd5 cxd5 20. c3 d4 0-1

[Event "Rheinland Pfalz op Seniors 11th"]
[Site "Neustadt an der Weinstrasse"]
[Date "2013.07.13"]
[Round "2"]
[White "Lehmensick, Jochen"]
[Black "Boehler, Karl Heinz"]
[Result "1/2-1/2"]
[WhiteElo "2027"]
[BlackElo "1896"]
[PlyCount "73"]
[EventDate "2013.07.12"]
[EventType "swiss"]
[EventRounds "7"]
[EventCountry "GER"]
[SourceTitle "EXT 2019"]
[Source "ChessBase"]
[SourceDate "2018.10.10"]
[SourceVersion "1"]
[SourceVersionDate "2018.10.10"]
[SourceQuality "1"]

1. d4 Nf6 2. c4 e6 3. Nc3 Bb4 4. Bg5 h6 5. Bh4 c5 6. d5 g5 7. Bg3 Ne4 8. Qc2 Qf6 9. Rc1 Bxc3+ 10. bxc3 Nxg3 11. hxg3 b6 12. e4 e5 13. g4 d6 14. Be2 Bd7 15. Rb1 Na6 16. f3 Nc7 17. Bd3 Ke7 18. Ne2 Ne8 19. Ng3 Ng7 20. Nf5+ Nxf5 21. exf5 Kf8 22. Kf2 Kg7 23. Rh2 Rae8 24. Be4 Qd8 25. g3 f6 26. Ke3 Re7 27. Qb3 Be8 28. Qa3 Qd7 29. Rbh1 Qa4 30. Qb3 Qa5 31. Rb2 Rb7 32. Bd3 Bd7 33. Qc2 Rbb8 34. Kf2 Rh7 35. Rbb1 Rbh8 36. Kg2 Be8 37. Qb2 1/2-1/2

[Event "Niedersachsen-ch Seniors op 13th"]
[Site "Bad Bevensen"]
[Date "2010.07.12"]
[Round "7"]
[White "Lehmensick, Jochen"]
[Black "Schurig, Wilhelm"]
[Result "0-1"]
[WhiteElo "2027"]
[BlackElo "1891"]
[PlyCount "50"]
[EventDate "2010.07.06"]
[EventType "swiss"]
[EventRounds "9"]
[EventCountry "GER"]
[SourceTitle "EXT 2012"]
[Source "ChessBase"]
[SourceDate "2011.11.24"]
[SourceVersion "1"]
[SourceVersionDate "2011.11.24"]
[SourceQuality "1"]

1. d4 g6 2. c4 Bg7 3. Nc3 d6 4. e4 a6 5. Be3 c6 6. f4 b5 7. Nf3 Nd7 8. Qd2 Ngf6 9. Bd3 bxc4 10. Bxc4 d5 11. Bd3 dxe4 12. Nxe4 Nd5 13. Qf2 0-0 14. 0-0 Qc7 15. g3 N7f6 16. Ne5 Ng4 17. Nxg4 Bxg4 18. Nc5 Qb6 19. Be4 Bh3 20. Rfb1 Rfd8 21. Bf3 Nf6 22. Qe2 h5 23. Kh1 Ng4 24. Bg1 Bxd4 25. Rc1 Qxb2 0-1

[Event "Niedersachsen-ch Seniors op 13th"]
[Site "Bad Bevensen"]
[Date "2010.07.11"]
[Round "6"]
[White "Fitzke, Ulrich"]
[Black "Lehmensick, Jochen"]
[Result "0-1"]
[WhiteElo "1848"]
[BlackElo "2027"]
[PlyCount "60"]
[EventDate "2010.07.06"]
[EventType "swiss"]
[EventRounds "9"]
[EventCountry "GER"]
[SourceTitle "EXT 2012"]
[Source "ChessBase"]
[SourceDate "2011.11.24"]
[SourceVersion "1"]
[SourceVersionDate "2011.11.24"]
[SourceQuality "1"]

1. d4 d5 2. c4 e6 3. Nc3 c6 4. e3 f5 5. Nf3 Nd7 6. Be2 Bd6 7. 0-0 Ngf6 8. b3 0-0 9. Bb2 Ne4 10. Nd2 Qh4 11. f4 Nxd2 12. Qxd2 Nf6 13. Qe1 Qh6 14. Rf3 g5 15. Rh3 Qg6 16. fxg5 Qxg5 17. Ba3 Bxa3 18. Rg3 Ng4 19. c5 h5 20. h3 h4 21. Rf3 Nxe3 22. Qf2 Bb2 23. Rb1 Bxc3 24. Rf4 Qg3 25. Rxh4 Qxf2+ 26. Kxf2 f4 27. Kf3 Bxd4 28. b4 e5 29. g4 e4+ 30. Kf2 Nf5+ 0-1

[Event "Niedersachsen-ch Seniors op 13th"]
[Site "Bad Bevensen"]
[Date "2010.07.09"]
[Round "4"]
[White "Duemmke, Juergen"]
[Black "Lehmensick, Jochen"]
[Result "1/2-1/2"]
[WhiteElo "1953"]
[BlackElo "2027"]
[PlyCount "75"]
[EventDate "2010.07.06"]
[EventType "swiss"]
[EventRounds "9"]
[EventCountry "GER"]
[SourceTitle "EXT 2012"]
[Source "ChessBase"]
[SourceDate "2011.11.24"]
[SourceVersion "1"]
[SourceVersionDate "2011.11.24"]
[SourceQuality "1"]

1. d4 d5 2. c4 e6 3. Nc3 c6 4. Nf3 dxc4 5. a4 Bb4 6. e3 b5 7. axb5 cxb5 8. Bd2 Qb6 9. b3 Bxc3 10. Bxc3 b4 11. Bb2 c3 12. Bc1 Nf6 13. Ne5 0-0 14. Be2 Bb7 15. 0-0 Rd8 16. Bf3 Nbd7 17. Nc4 Qc7 18. Ra4 a5 19. Bxb7 Qxb7 20. Qc2 Qb5 21. e4 Nb6 22. Nxb6 Qxb6 23. Be3 Qb5 24. f3 Nd7 25. Ra2 Nb6 26. Rfa1 h6 27. Rb1 Ra6 28. Qf2 Rda8 29. Qg3 Kh8 30. Qc7 Qd3 31. Re1 a4 32. d5 axb3 33. Rxa6 Qxa6 34. dxe6 b2 35. Bxh6 Qa1 36. Bxg7+ Kh7 37. Bxc3 bxc3 38. Qxf7+ 1/2-1/2

[Event "Niedersachsen-ch Seniors op 13th"]
[Site "Bad Bevensen"]
[Date "2010.07.07"]
[Round "2"]
[White "Detert, Heinz"]
[Black "Lehmensick, Jochen"]
[Result "0-1"]
[WhiteElo "1848"]
[BlackElo "2027"]
[PlyCount "54"]
[EventDate "2010.07.06"]
[EventType "swiss"]
[EventRounds "9"]
[EventCountry "GER"]
[SourceTitle "EXT 2012"]
[Source "ChessBase"]
[SourceDate "2011.11.24"]
[SourceVersion "1"]
[SourceVersionDate "2011.11.24"]
[SourceQuality "1"]

1. d4 d5 2. Nf3 Nf6 3. e3 c6 4. c4 e6 5. Nc3 Nbd7 6. Qc2 Be7 7. b3 0-0 8. Bd3 Re8 9. 0-0 b6 10. e4 dxe4 11. Nxe4 Bb7 12. Bb2 h6 13. Rad1 Rc8 14. Ne5 Qc7 15. f4 Nxe4 16. Bxe4 Bf6 17. Ng4 c5 18. Nxf6+ Nxf6 19. Bxb7 Qxb7 20. dxc5 Rxc5 21. Bxf6 gxf6 22. Qc3 Qe7 23. Rd3 Rd8 24. Rfd1 Rcc8 25. Qd2 Rxd3 26. Qxd3 Qc5+ 27. Qd4 Rd8 0-1

[Event "Bad Bevensen Seniors op 12th"]
[Site "Bad Bevensen"]
[Date "2009.07.15"]
[Round "9"]
[White "Badenstedt, Hans Dieter"]
[Black "Lehmensick, Jochen"]
[Result "0-1"]
[WhiteElo "1771"]
[BlackElo "2066"]
[PlyCount "70"]
[EventDate "2009.07.07"]
[EventType "swiss"]
[EventRounds "9"]
[EventCountry "GER"]
[SourceTitle "EXT 2022"]
[Source "ChessBase"]
[SourceDate "2021.10.06"]
[SourceVersion "1"]
[SourceVersionDate "2021.10.06"]
[SourceQuality "1"]

1. e4 e5 2. Nf3 Nc6 3. c3 Nf6 4. d4 Nxe4 5. d5 Bc5 6. dxc6 Bxf2+ 7. Ke2 bxc6 8. Nbd2 Ba6+ 9. c4 Nxd2 10. Qxd2 Bc5 11. Qc3 0-0 12. b4 Be7 13. Kf2 e4 14. Bb2 Bf6 15. Nd4 c5 16. bxc5 Qe7 17. Rd1 Qxc5 18. Ba3 Bxd4+ 19. Rxd4 Qf5+ 20. Kg1 Rfe8 21. Qe3 Bc8 22. g3 Rb8 23. Kg2 Rb1 24. Rd2 Qf3+ 25. Qxf3 exf3+ 26. Kxf3 Bb7+ 27. Rd5 Bxd5+ 28. cxd5 Ree1 29. Kf2 Ra1 30. Bc5 Red1 31. h4 Rxa2+ 32. Ke3 Raa1 33. Kf2 d6 34. Be3 a5 35. Ke2 a4 0-1

[Event "Niedersachsen-ch Seniors op 10th"]
[Site "Bad Bevensen"]
[Date "2007.07.07"]
[Round "5"]
[White "Lehmensick, Jochen"]
[Black "Neese, Hans Joachim"]
[Result "1/2-1/2"]
[WhiteElo "2116"]
[BlackElo "2208"]
[PlyCount "109"]
[EventDate "2007.07.03"]
[EventType "swiss"]
[EventRounds "9"]
[EventCountry "GER"]
[SourceTitle "EXT 2022"]
[Source "ChessBase"]
[SourceDate "2021.10.06"]
[SourceVersion "1"]
[SourceVersionDate "2021.10.06"]
[SourceQuality "1"]

1. d4 Nf6 2. c4 e6 3. Nc3 d5 4. Nf3 c6 5. e3 Nbd7 6. Bd3 dxc4 7. Bxc4 b5 8. Bd3 a6 9. e4 Bb7 10. 0-0 Be7 11. e5 Nd5 12. Nxd5 cxd5 13. Be3 0-0 14. Qd2 f5 15. exf6 Rxf6 16. Rfe1 h6 17. Bc2 Bd6 18. Qd3 Rc8 19. Qh7+ Kf7 20. Bg5 Nf8 21. Bxf6 Nxh7 22. Bxd8 Rxc2 23. Rab1 Nf6 24. Rec1 Re2 25. Bc7 Ke7 26. Bxd6+ Kxd6 27. Kf1 Re4 28. b4 g5 29. Rd1 Rf4 30. Ne5 Ne4 31. Rb2 Nc3 32. Rd3 Na4 33. Re2 Nb6 34. g3 Rf8 35. Rf3 Rxf3 36. Nxf3 Nc4 37. Ne5 Ke7 38. f4 gxf4 39. Ng6+ Kf6 40. Nxf4 e5 41. dxe5+ Nxe5 42. Nh5+ Ke6 43. Ng7+ Kf6 44. Ne8+ Ke6 45. Ng7+ Kf6 46. Nh5+ Ke6 47. Rd2 Nc4 48. Nf4+ Ke5 49. Re2+ Kd4 50. Re6 Kc3 51. Rxh6 d4 52. Ne2+ Kd3 53. Rh4 Ne3+ 54. Kf2 Nc2 55. Rf4 1/2-1/2

[Event "NRW-ch"]
[Site "Muelheim"]
[Date "2006.10.11"]
[Round "5"]
[White "Gohla, Ulf"]
[Black "Lehmensick, Jochen"]
[Result "1/2-1/2"]
[WhiteElo "2206"]
[BlackElo "2138"]
[PlyCount "88"]
[EventDate "2006.10.07"]
[EventType "swiss"]
[EventRounds "7"]
[EventCountry "GER"]
[SourceTitle "CBM 114 Extra"]
[Source "ChessBase"]
[SourceDate "2006.11.03"]
[SourceVersion "1"]
[SourceVersionDate "2006.11.03"]
[SourceQuality "1"]

1. d4 d5 2. c4 c6 3. Nf3 Nf6 4. Nc3 e6 5. e3 Nbd7 6. Qc2 Be7 7. Bd2 0-0 8. 0-0-0 dxc4 9. Bxc4 b5 10. Bd3 b4 11. Na4 Qa5 12. Kb1 Ba6 13. Bxa6 Qxa6 14. Nc5 Qb5 15. Rc1 Rfc8 16. Qc4 Nxc5 17. dxc5 Rab8 18. e4 b3 19. a3 Qxc4 20. Rxc4 Nd7 21. Be3 Rb5 22. Rhc1 e5 23. R1c3 Rcb8 24. Nd2 f6 25. Rd3 Nf8 26. Rcc3 Ne6 27. Rd7 Bxc5 28. Bxc5 Nxc5 29. Rxa7 Rd8 30. a4 Rb4 31. Rxc5 Rxd2 32. Rxc6 Rd1+ 33. Rc1 Rxc1+ 34. Kxc1 Rxe4 35. Kd2 Rc4 36. Kd3 Rc2 37. a5 Rxb2 38. Kc3 Rxf2 39. Kxb3 h5 40. Rc7 Rf1 41. a6 Ra1 42. a7 Kh7 43. Kb4 e4 44. Kb5 e3 1/2-1/2

[Event "NRW-ch"]
[Site "Muelheim"]
[Date "2006.10.09"]
[Round "3"]
[White "Lehmensick, Jochen"]
[Black "Henrichs, Wenke"]
[Result "1-0"]
[WhiteElo "2138"]
[BlackElo "2087"]
[PlyCount "77"]
[EventDate "2006.10.07"]
[EventType "swiss"]
[EventRounds "7"]
[EventCountry "GER"]
[SourceTitle "CBM 114 Extra"]
[Source "ChessBase"]
[SourceDate "2006.11.03"]
[SourceVersion "1"]
[SourceVersionDate "2006.11.03"]
[SourceQuality "1"]

1. d4 Nf6 2. c4 g6 3. Nc3 Bg7 4. e4 d6 5. Nge2 a6 6. Bg5 0-0 7. h3 c6 8. g4 b5 9. cxb5 axb5 10. a3 Nbd7 11. Bg2 Rb8 12. b4 Bb7 13. 0-0 Nb6 14. Qc1 e5 15. Rd1 Qe7 16. Be3 Nfd7 17. f4 Nc4 18. Bf2 Rfd8 19. fxe5 dxe5 20. d5 cxd5 21. Nxb5 Ndb6 22. exd5 Ba6 23. Nbc3 Nd6 24. Bc5 Qe8 25. a4 Bxe2 26. Nxe2 Nxa4 27. Qc2 Nb6 28. Ra6 Qb5 29. Qa2 e4 30. Nd4 Bxd4+ 31. Rxd4 Nbc8 32. Bxe4 Nxe4 33. Rxe4 Rxd5 34. Qxd5 Qxa6 35. Qd8+ Kg7 36. Qf8+ Kf6 37. Qh8+ Kg5 38. Qe5+ Kh6 39. Bf8# 1-0

[Event "Bad Bevensen Seniors op 8th"]
[Site "Bad Bevensen"]
[Date "2005.06.30"]
[Round "6"]
[White "Lehmensick, Jochen"]
[Black "Wittmann, Georg"]
[Result "1/2-1/2"]
[WhiteElo "2188"]
[BlackElo "2007"]
[PlyCount "106"]
[EventDate "2005.06.25"]
[EventType "swiss"]
[EventRounds "9"]
[EventCountry "GER"]
[SourceTitle "EXT 2007"]
[Source "ChessBase"]
[SourceDate "2006.11.23"]
[SourceVersion "1"]
[SourceVersionDate "2006.11.23"]
[SourceQuality "1"]

1. b3 d5 2. Bb2 Bf5 3. Nf3 Nd7 4. c4 c6 5. g3 Ngf6 6. Bg2 Qb6 7. cxd5 cxd5 8. Nc3 e6 9. 0-0 Be7 10. Nh4 Bg6 11. Na4 Qd6 12. Nxg6 hxg6 13. Rc1 Ng4 14. h3 Ngf6 15. Qc2 0-0 16. d3 b5 17. Nc3 Rac8 18. Qd2 Qb6 19. Rc2 Bd6 20. Kh2 Rc7 21. Rcc1 Rfc8 22. e3 Qa5 23. a3 Qb6 24. Ne2 Rxc1 25. Rxc1 Rxc1 26. Qxc1 Qc7 27. Qxc7 Bxc7 28. Nd4 a6 29. Bf1 Nc5 30. b4 Na4 31. Bc1 Kf8 32. Nb3 Nd7 33. f4 f5 34. Kg2 Kf7 35. Kf3 Kf6 36. g4 e5 37. g5+ Ke6 38. fxe5 Bxe5 39. d4 Bc7 40. Nc5+ Ndxc5 41. dxc5 Be5 42. Bd3 Bb2 43. Bxb2 Nxb2 44. Bc2 Ke5 45. h4 Nc4 46. a4 Nb2 47. a5 Nc4 48. Bd3 Na3 49. Ke2 Nc4 50. Bc2 Ke6 51. Kd3 Ne5+ 52. Kc3 Nc4 53. Kd3 Ne5+ 1/2-1/2

[Event "Niedersachsen-ch Seniors 38th"]
[Site "Wingst"]
[Date "2004.03.18"]
[Round "3"]
[White "Ahrens, Gerhard"]
[Black "Lehmensick, Jochen"]
[Result "0-1"]
[WhiteElo "1889"]
[BlackElo "2118"]
[PlyCount "112"]
[EventDate "2004.03.16"]
[EventType "swiss"]
[EventRounds "9"]
[EventCountry "GER"]
[SourceTitle "EXT 2006"]
[Source "ChessBase"]
[SourceDate "2005.11.24"]
[SourceVersion "1"]
[SourceVersionDate "2005.11.24"]
[SourceQuality "1"]

1. e4 c5 2. Nf3 Nc6 3. d4 cxd4 4. Nxd4 Nf6 5. Nc3 d6 6. Be2 e5 7. Nb3 Be6 8. 0-0 Be7 9. Be3 0-0 10. f4 exf4 11. Bxf4 Ne5 12. h3 Rc8 13. Kh1 Nc4 14. Bc1 Qb6 15. Rf3 Rfd8 16. Nd5 Bxd5 17. exd5 Ne5 18. Re3 Nfd7 19. c4 Bf6 20. Re4 Qb4 21. Bd2 Qa4 22. Na5 Nc5 23. Qxa4 Nxa4 24. Nxb7 Rd7 25. Na5 Nxb2 26. Rxe5 Bxe5 27. Bg4 Rcc7 28. Bxd7 Rxd7 29. Rb1 f5 30. Bc1 Nd3 31. Nc6 Bg3 32. Be3 Bf2 33. Bxf2 Nxf2+ 34. Kg1 Ne4 35. Rb8+ Kf7 36. Ra8 Nd2 37. Rxa7 Rxa7 38. Nxa7 Nxc4 39. Kf2 Kf6 40. Nb5 Ke5 41. Nc7 Nb6 42. Ke3 g5 43. Kf3 Nxd5 44. Ne8 Nc3 45. a3 d5 46. Ke3 Na4 47. Nc7 h5 48. Nb5 Nb2 49. g3 Nc4+ 50. Kd3 Nd6 51. a4 Nxb5 52. axb5 f4 53. gxf4+ gxf4 54. Ke2 d4 55. Kd3 f3 56. b6 Kd6 0-1

[Event "Niedersachsen-ch Seniors 38th"]
[Site "Wingst"]
[Date "2004.03.16"]
[Round "1"]
[White "Kienel, Norbert"]
[Black "Lehmensick, Jochen"]
[Result "0-1"]
[WhiteElo "1663"]
[BlackElo "2118"]
[PlyCount "108"]
[EventDate "2004.03.16"]
[EventType "swiss"]
[EventRounds "9"]
[EventCountry "GER"]
[SourceTitle "EXT 2006"]
[Source "ChessBase"]
[SourceDate "2005.11.24"]
[SourceVersion "1"]
[SourceVersionDate "2005.11.24"]
[SourceQuality "1"]

1. d4 Nf6 2. c4 g6 3. Nc3 d5 4. e3 Bg7 5. Nf3 0-0 6. Qb3 dxc4 7. Bxc4 Nc6 8. Be2 Na5 9. Qc2 Be6 10. 0-0 Bc4 11. Bxc4 Nxc4 12. b3 Nb6 13. Ba3 Rc8 14. Rac1 Qd7 15. Ne5 Qe6 16. f4 Nfd5 17. Nd1 f6 18. Nc4 f5 19. Rf3 Rfd8 20. Ne5 Nf6 21. Nc3 Nbd5 22. Na4 Qa6 23. Bb2 Ne4 24. a3 e6 25. Nc5 Nxc5 26. Qxc5 Bxe5 27. fxe5 Qd3 28. Qc4 Qe4 29. Qc2 Qxc2 30. Rxc2 c6 31. Kf2 g5 32. Ke2 b6 33. Kd3 c5 34. g3 cxd4 35. exd4 Rxc2 36. Kxc2 Kg7 37. Kd3 Kg6 38. Bc1 h5 39. Bd2 g4 40. Rf1 Rc8 41. Rf2 Rh8 42. h4 Rc8 43. Rf1 f4 44. gxf4 Kf5 45. Rf2 g3 46. Rf1 Kg4 47. Ke4 g2 48. Rg1 Kg3 49. Be1+ Kh2 50. Bf2 Rf8 51. Be3 Nxe3 52. Re1 Nf1 53. d5 g1Q 54. dxe6 Ng3+ 0-1

[Event "GER North-ch Seniors 6th"]
[Site "Bad Bevensen"]
[Date "2003.06.28"]
[Round "8"]
[White "Grams, Arthur"]
[Black "Lehmensick, Jochen"]
[Result "0-1"]
[WhiteElo "1708"]
[BlackElo "2087"]
[PlyCount "69"]
[EventDate "2003.06.??"]
[EventType "swiss"]
[EventRounds "9"]
[EventCountry "GER"]
[SourceTitle "EXT 2006"]
[Source "ChessBase"]
[SourceDate "2005.11.24"]
[SourceVersion "1"]
[SourceVersionDate "2005.11.24"]
[SourceQuality "1"]

1. d4 d5 2. c4 e6 3. Nc3 c6 4. Nf3 dxc4 5. e3 b5 6. a4 Qb6 7. axb5 cxb5 8. b3 Bb4 9. Qc2 cxb3 10. Qxb3 Bxc3+ 11. Qxc3 Ne7 12. Ba3 Bd7 13. Ne5 a6 14. Nxd7 Nxd7 15. Be2 Nd5 16. Qd2 b4 17. Rb1 a5 18. e4 Nc3 19. Rb3 Nxe4 20. Qd3 Nef6 21. 0-0 0-0 22. Rfb1 Nd5 23. Bf3 N7f6 24. g4 Qa6 25. g5 Qxd3 26. Rxd3 Nd7 27. Bc1 Rfb8 28. Bd2 Ra6 29. Be2 a4 30. Rh3 Rc6 31. Bf3 Rc2 32. Be1 Rc4 33. Bd1 b3 34. Rd3 Nf4 35. Rd2 0-1

[Event "GER North-ch Seniors 6th"]
[Site "Bad Bevensen"]
[Date "2003.06.25"]
[Round "5"]
[White "Badestein, Hartmut"]
[Black "Lehmensick, Jochen"]
[Result "1/2-1/2"]
[WhiteElo "2194"]
[BlackElo "2087"]
[PlyCount "93"]
[EventDate "2003.06.??"]
[EventType "swiss"]
[EventRounds "9"]
[EventCountry "GER"]
[SourceTitle "EXT 2006"]
[Source "ChessBase"]
[SourceDate "2005.11.24"]
[SourceVersion "1"]
[SourceVersionDate "2005.11.24"]
[SourceQuality "1"]

1. e4 e5 2. Nf3 Nc6 3. Bb5 f5 4. Nc3 fxe4 5. Nxe4 d5 6. Nxe5 dxe4 7. Nxc6 Qd5 8. c4 Qd6 9. Nxa7+ Bd7 10. Bxd7+ Qxd7 11. Qh5+ g6 12. Qe5+ Kf7 13. Nb5 c6 14. Qd4 Rd8 15. Qxd7+ Rxd7 16. Nc3 Nf6 17. b3 Bc5 18. Na4 Ba7 19. Bb2 Rhd8 20. Bxf6 Kxf6 21. Nc3 Ke5 22. Rd1 Rf7 23. 0-0 Rdf8 24. Kh1 Bxf2 25. g3 Bd4 26. Rfe1 Bxc3 27. dxc3 Rf2 28. Rd4 Rf1+ 29. Rxf1 Rxf1+ 30. Kg2 Rc1 31. Rd7 Rxc3 32. Rxb7 Rc2+ 33. Kf1 Rxa2 34. Rxh7 Kd4 35. Rg7 Rxh2 36. Rxg6 c5 37. Rg5 Rb2 38. Rd5+ Ke3 39. Rxc5 Rxb3 40. Rf5 Rb1+ 41. Kg2 Kd3 42. Rd5+ Kxc4 43. Rd8 Rb2+ 44. Kf1 Rb3 45. Kf2 Rf3+ 46. Ke2 Rxg3 47. Rc8+ 1/2-1/2

[Event "Nordrhein Westfalen-ch Seniors 13th"]
[Site "Bad Salzuflen"]
[Date "2002.06.15"]
[Round "8"]
[White "Lehmensick, Jochen"]
[Black "Neese, Hans Joachim"]
[Result "0-1"]
[WhiteElo "2129"]
[BlackElo "2176"]
[PlyCount "66"]
[EventDate "2002.06.??"]
[EventType "swiss"]
[EventRounds "9"]
[EventCountry "GER"]
[SourceTitle "EXT 2006"]
[Source "ChessBase"]
[SourceDate "2005.11.24"]
[SourceVersion "1"]
[SourceVersionDate "2005.11.24"]
[SourceQuality "1"]

1. e4 c5 2. Nf3 d6 3. d4 cxd4 4. Nxd4 Nf6 5. Nc3 a6 6. Bg5 e6 7. f4 Nbd7 8. Qd2 b5 9. a3 Qc7 10. 0-0-0 Bb7 11. Bd3 Be7 12. Rhe1 h6 13. Bxf6 Nxf6 14. e5 dxe5 15. Rxe5 0-0 16. g3 Rfd8 17. Nb3 b4 18. Nb1 a5 19. Qe2 Bd6 20. Re3 Nd5 21. Rf3 bxa3 22. bxa3 Qe7 23. Kd2 Bxa3 24. Ke1 Bb2 25. Rf2 Qb4+ 26. Kf1 a4 27. Nc1 a3 28. Na2 Qc5 29. Re1 Bd4 30. Rf3 Nf6 31. f5 Qd5 32. fxe6 Qxf3+ 33. Qxf3 Bxf3 0-1

[Event "Nordrhein Westfalen-ch Seniors 13th"]
[Site "Bad Salzuflen"]
[Date "2002.06.12"]
[Round "5"]
[White "Lehmensick, Jochen"]
[Black "Biebinger, Gerhard"]
[Result "0-1"]
[WhiteElo "2129"]
[BlackElo "2381"]
[PlyCount "73"]
[EventDate "2002.06.??"]
[EventType "swiss"]
[EventRounds "9"]
[EventCountry "GER"]
[SourceTitle "EXT 2006"]
[Source "ChessBase"]
[SourceDate "2005.11.24"]
[SourceVersion "1"]
[SourceVersionDate "2005.11.24"]
[SourceQuality "1"]

1. d4 d5 2. c4 c6 3. Nf3 Nf6 4. Nc3 dxc4 5. Ne5 b5 6. a4 b4 7. Na2 e6 8. e3 Be7 9. Bd2 a5 10. Bxc4 0-0 11. Nc1 c5 12. Nb3 Bb7 13. f3 Nbd7 14. Nxd7 Nxd7 15. dxc5 Nxc5 16. 0-0 Qb6 17. Kh1 Rfd8 18. Nxc5 Qxc5 19. b3 Qh5 20. Rc1 Bd6 21. f4 Qg6 22. Qe2 Be4 23. Rfd1 Be7 24. Be1 h5 25. Kg1 Bf6 26. g3 Qf5 27. Rxd8+ Rxd8 28. Rd1 Rxd1 29. Qxd1 g6 30. Qe2 Kg7 31. Bd2 Ba8 32. Bd3 Qd5 33. e4 Qxb3 34. Bb5 Qb1+ 35. Kg2 Bxe4+ 36. Kh3 Qc2 37. Qc4 0-1

[Event "Nordrhein Westfalen-ch Seniors 13th"]
[Site "Bad Salzuflen"]
[Date "2002.06.09"]
[Round "2"]
[White "Lehmensick, Jochen"]
[Black "Schumacher, Horst"]
[Result "1/2-1/2"]
[WhiteElo "2129"]
[BlackElo "1755"]
[PlyCount "73"]
[EventDate "2002.06.??"]
[EventType "swiss"]
[EventRounds "9"]
[EventCountry "GER"]
[SourceTitle "EXT 2006"]
[Source "ChessBase"]
[SourceDate "2005.11.24"]
[SourceVersion "1"]
[SourceVersionDate "2005.11.24"]
[SourceQuality "1"]

1. d4 d5 2. c4 Bf5 3. Nc3 e6 4. Nf3 Nc6 5. Bf4 h6 6. Rc1 a6 7. e3 Nf6 8. c5 Be7 9. a3 Ne4 10. b4 Nxc3 11. Rxc3 0-0 12. Be2 Bf6 13. 0-0 g5 14. Bg3 Bg6 15. Qb3 Qe7 16. Rfc1 Rfd8 17. Rd1 g4 18. Ne5 Bxe5 19. Bxe5 Nxe5 20. dxe5 c6 21. Rcc1 Qg5 22. Qc3 Be4 23. Rd2 h5 24. Kh1 h4 25. f3 gxf3 26. gxf3 Bg6 27. Rg1 Qh6 28. Qd4 Kf8 29. Rg4 Ke7 30. Rxh4 Bh5 31. Qf4 Qxf4 32. Rxf4 Rg8 33. h4 Rg3 34. Kh2 Rag8 35. Bd1 Rg1 36. Rf6 Rf1 37. Rh6 1/2-1/2

[Event "Nordrhein Westfalen-ch Seniors 13th"]
[Site "Bad Salzuflen"]
[Date "2002.06.08"]
[Round "1"]
[White "Buecken, Rudolf"]
[Black "Lehmensick, Jochen"]
[Result "0-1"]
[WhiteElo "1711"]
[BlackElo "2129"]
[PlyCount "114"]
[EventDate "2002.06.??"]
[EventType "swiss"]
[EventRounds "9"]
[EventCountry "GER"]
[SourceTitle "EXT 2006"]
[Source "ChessBase"]
[SourceDate "2005.11.24"]
[SourceVersion "1"]
[SourceVersionDate "2005.11.24"]
[SourceQuality "1"]

1. e4 e5 2. Nf3 Nc6 3. d4 exd4 4. Nxd4 Nf6 5. Nxc6 bxc6 6. e5 Nd5 7. c4 Nb6 8. b3 Bb4+ 9. Nd2 Bc3 10. Rb1 Bxe5 11. Bd3 0-0 12. 0-0 Re8 13. Re1 d6 14. Nf3 Bg4 15. Bd2 Nd7 16. Be4 d5 17. cxd5 f5 18. Bc2 cxd5 19. Bg5 Nf6 20. Bxf6 gxf6 21. Qd3 Bxf3 22. Qxf3 f4 23. Rbd1 c6 24. Qh5 Re7 25. Bf5 Qe8 26. Qh3 Kh8 27. Rc1 Rb8 28. Qd3 Rg7 29. Qf3 Rg5 30. Bh3 Rd8 31. Kf1 Rg7 32. Kg1 Rc7 33. Bf5 Qf7 34. Qh3 Qg7 35. Qf3 Qe7 36. Kf1 c5 37. Red1 Qd6 38. Kg1 d4 39. Qd3 Rg8 40. Rc4 Rcg7 41. Bh3 f3 42. Qxf3 Bxh2+ 43. Kh1 Be5 44. Rdc1 Bf4 45. Rd1 Re7 46. Qd3 Rge8 47. g3 Re1+ 48. Rxe1 Rxe1+ 49. Kh2 Be5 50. Rc2 Qf8 51. Qf5 Bd6 52. Qd3 Qe7 53. Bf5 Qb7 54. f3 Re3 55. Be4 Qg7 56. Qf1 Qxg3+ 57. Kh1 Re1 0-1